000 00489nam a2200205Ia 4500
005 20230321092135.0
008 131103s9999 xx 000 0 und d
020 _cRs.100
040 _aLoreto College
041 _aEnglish
082 _a891.441
_bGUP
100 _aGupta, Ishwar
245 _aChara o Chobi
_cIshwar Gupta
260 _aCalcutta
_bKahani
_c2007
300 _a62p
_b ill
650 _aBengali Poetry
651 _aPoetry in Bengali
850 _aLCLIB
942 _cBK
999 _c19009
_d69488